Las mejores poesías (líricas) de los mejores poetas

Gespeichert in:
Bibliographische Detailangaben
1. Verfasser: Heine, Enrique
Format: Buch
Sprache:Undetermined
Veröffentlicht: Barcelona, España Cervantes [s.f.]
Schlagworte:
Tags: Tag hinzufügen
Keine Tags, Fügen Sie den ersten Tag hinzu!

MARC

LEADER 00000nam a2200000Ia 4500
008 170316s9999 xx 000 0 und d
040 |a cru BVZT 
090 |a 830 H-6m 
100 |a Heine, Enrique 
245 |a Las mejores poesías (líricas) de los mejores poetas 
260 |a Barcelona, España 
260 |b Cervantes 
260 |c [s.f.] 
300 |a 78 páginas 
650 |a LITERATURA ALEMANA 
650 |a POESÍA 
999 |c 7356  |d 7356 
942 |c 15 D  |h 830 H-6m  |2 z